People who Appeared in Vanderpump Rules - Statistics

General Stats
  • This quiz has been taken 56 times
  • The average score is 18 of 35
Answer Stats
Answer % Correct
Tom Sandoval
100%
Tom Schwartz
100%
James Kennedy
94%
Lisa Vanderpump
94%
Katie Maloney
91%
Stassi Schroeder
91%
Jax Taylor
88%
Scheana Shay
88%
Ariana Madix
82%
Kristen Doute
82%
Lala Kent
79%
Brittany Cartwright
64%
Max
58%
Peter
58%
Faith
52%
Pandora
45%
Frank
42%
Raquel Leviss
42%
Brock
39%
Ken Todd
39%
Giggy
36%
Brett
33%
Dan
33%
Shay
33%
Beau Clark
30%
Charli
30%
Kristina Kelly
30%
Laura Leigh
30%
Dayna Kathan
27%
Danica
24%
Vail
24%
Jo
18%
Billie Lee
15%
Ally Lewber
9%
Brandi Glanville
9%
No matching quizzes found
Score Distribution
Percent of People with Each Score
Percentile by Number Answered
Your Score History
You have not taken this quiz